Welcome to CU Library Online Public Access Catalogue (OPAC)

Retailing management (Record no. 5828)

MARC details
000 -LEADER
fixed length control field 00411nam a22001697a 4500
005 - DATE AND TIME OF LATEST TRANSACTION
control field 20250516165358.0
008 - FIXED-LENGTH DATA ELEMENTS--GENERAL INFORMATION
fixed length control field 250516b |||||||| |||| 00| 0 eng d
020 ## - INTERNATIONAL STANDARD BOOK NUMBER
International Standard Book Number 9780071240376
050 ## - LIBRARY OF CONGRESS CALL NUMBER
Classification number HF5429
Item number .L4828 LEV
100 ## - MAIN ENTRY--PERSONAL NAME
Personal name Levy, Michael
245 ## - TITLE STATEMENT
Title Retailing management
250 ## - EDITION STATEMENT
Edition statement 5th
260 ## - PUBLICATION, DISTRIBUTION, ETC.
Place of publication, distribution, etc. Boston
Name of publisher, distributor, etc. McGraw-Hill
Date of publication, distribution, etc. c2004
300 ## - PHYSICAL DESCRIPTION
Extent 751p
700 ## - ADDED ENTRY--PERSONAL NAME
Personal name Weitz, Barton A.
942 ## - ADDED ENTRY ELEMENTS (KOHA)
Source of classification or shelving scheme Library of Congress Classification
Koha item type Books
Suppress in OPAC No
999 ## -
-- 5828
-- 5828
Holdings
Withdrawn status Lost status Source of classification or shelving scheme Damaged status Not for loan Collection Home library Current library Shelving location Date acquired Total checkouts Full call number Barcode Date last seen Copy number Price effective from Koha item type Public note
    Library of Congress Classification     Non-fiction Graduate Library (Christ Temple) Graduate Library (Christ Temple) General stacks 02/02/2026   HF 5429 LEV GSCT00002153 02/02/2026 1 02/02/2026 Books EAQ
    Library of Congress Classification     Non-fiction Graduate Library (Christ Temple) Graduate Library (Christ Temple) General stacks 02/02/2026   HF 5429 LEV GSCT00002154 02/02/2026 2 02/02/2026 Books EAQ
    Library of Congress Classification     Non-fiction Undergraduate Library (Christ Temple) Undergraduate Library (Christ Temple) General stacks 05/16/2025   HF5429.L4828 LEV ulct00002456 05/16/2025 1 05/16/2025 Books  
© 2023-2024 Copyright: Central University Libraries. All Rights Reserved | Created by: Mahone Tech Office